|
|
|
|
| LEADER |
00000cam a2200000 7i4500 |
| 001 |
0000002795 |
| 005 |
20040114.0 |
| 090 |
0 |
0 |
|a R577.3095951113
|b ECO 2002
|
| 245 |
0 |
0 |
|a ECOLOGICAL survey of Bukit Mertajam Forest Reserve Pulau Pinang
|c edited by Mohd Yunus Zakaria
|
| 260 |
0 |
0 |
|a Pulau Pinang :
|b Penang State Forestry Department ,
|c 2002
|
| 300 |
|
|
|a 121 p. :
|b col. ill., maps ;
|c 30 cm.
|
| 650 |
0 |
0 |
|a Forest ecology
|z Pulau Pinang
|
| 650 |
0 |
0 |
|a Forest reserves
|x Ecology
|z Pulau Pinang
|
| 700 |
0 |
1 |
|a Mohd Yunus Zakaria
|
| 998 |
|
|
|a JPSM
|
| 999 |
|
|
|a 0000005084
|b Monograph
|c Reference
|e Default branch
|